ARRUPE JESUIT UNIVERSITY

CORONAVIRUS -STOP THE SPREAD - CLEAN,DISINFECT,COVER

A midsummer night's dream (Record no. 127173)

MARC details
000 -LEADER
fixed length control field 00972cam a2200253 i 4500
001 - CONTROL NUMBER
control field 2756738
003 - CONTROL NUMBER IDENTIFIER
control field ARRUPE
005 - DATE AND TIME OF LATEST TRANSACTION
control field 20171106112606.0
008 - FIXED-LENGTH DATA ELEMENTS--GENERAL INFORMATION
fixed length control field 790329s1978 paua 000 0 eng
010 ## - LIBRARY OF CONGRESS CONTROL NUMBER
LC control number 79101487
040 ## - CATALOGING SOURCE
Original cataloging agency DLC
Transcribing agency DLC
Modifying agency DLC
050 00 - LIBRARY OF CONGRESS CALL NUMBER
Classification number PR-104-1
082 00 - DEWEY DECIMAL CLASSIFICATION NUMBER
Classification number 822.3/3
300 ## - PHYSICAL DESCRIPTION
Other physical details ill. ;
Dimensions 25 cm.
100 1# - MAIN ENTRY--PERSONAL NAME
Personal name Shakespeare, William,
Dates associated with a name 1564-1616.
9 (RLIN) 27038
240 10 - UNIFORM TITLE
Uniform title <a href="Selected works.">Selected works.</a>
Date of a work 1978
245 10 - TITLE STATEMENT
Title A midsummer night's dream
Statement of responsibility, etc William Shakespeare.
250 ## - EDITION STATEMENT
Edition statement A limited ed.
260 ## - PUBLICATION, DISTRIBUTION, ETC. (IMPRINT)
Place of publication, distribution, etc Franklin Center, Pa. :
Name of publisher, distributor, etc Franklin Library,
Date of publication, distribution, etc 1978.
300 ## - PHYSICAL DESCRIPTION
Extent 700 p. :
440 #4 - SERIES STATEMENT/ADDED ENTRY--TITLE
Title The 100 greatest books of all time
9 (RLIN) 37368
500 ## - GENERAL NOTE
General note "Notes from the editors" (22 p.) inserted.
505 0# - FORMATTED CONTENTS NOTE
Formatted contents note A midsummer nights's dream.--The merchant of Venice.--Much ado about nothing.--As you like it.--Twelth night, or What you will.--Measure for measure.--The winter's tale.--The tempest.
700 ## - ADDED ENTRY--PERSONAL NAME
Personal name Wilks, Robert
Relator term ed.
9 (RLIN) 37369
906 ## - LOCAL DATA ELEMENT F, LDF (RLIN)
a 7
b cbc
c orignew
d 2
e ncip
f 19
g y-gencatlg
942 ## - ADDED ENTRY ELEMENTS (KOHA)
Source of classification or shelving scheme Library of Congress Classification
Koha item type Monograph ( Printed materials)
Holdings
Withdrawn status Lost status Source of classification or shelving scheme Damaged status Not for loan Collection code Home library Current library Shelving location Date acquired Total Checkouts Full call number Barcode Date last seen Price effective from Koha item type
    Library of Congress Classification     Main Collection ARRUPE COLLEGE BOOKSTORE ARRUPE COLLEGE BOOKSTORE Main Collection 06/11/2017   PR-104-2 46500026180 06/11/2017 06/11/2017 Monograph ( Printed materials)
    Library of Congress Classification     Main Collection ARRUPE COLLEGE BOOKSTORE ARRUPE COLLEGE BOOKSTORE Main Collection 06/11/2017   PR-104-3 46500026179 06/11/2017 06/11/2017 Monograph ( Printed materials)
    Library of Congress Classification     Main Collection ARRUPE COLLEGE BOOKSTORE ARRUPE COLLEGE BOOKSTORE Main Collection 06/11/2017   PR-104-4 46500026178 06/11/2017 06/11/2017 Monograph ( Printed materials)
    Library of Congress Classification     Main Collection ARRUPE COLLEGE BOOKSTORE ARRUPE COLLEGE BOOKSTORE Main Collection 06/11/2017   PR-104-5 46500026183 06/11/2017 06/11/2017 Monograph ( Printed materials)
    Library of Congress Classification     Main Collection ARRUPE COLLEGE BOOKSTORE ARRUPE COLLEGE BOOKSTORE Main Collection 06/11/2017   PR-104-7 46500026181 06/11/2017 06/11/2017 Monograph ( Printed materials)
    Library of Congress Classification     Main Collection ARRUPE COLLEGE BOOKSTORE ARRUPE COLLEGE BOOKSTORE Main Collection 06/11/2017   PR-104-8 46500026186 06/11/2017 06/11/2017 Monograph ( Printed materials)
    Library of Congress Classification     Main Collection ARRUPE COLLEGE BOOKSTORE ARRUPE COLLEGE BOOKSTORE Main Collection 06/11/2017   PR-104-9 46500026185 06/11/2017 06/11/2017 Monograph ( Printed materials)

 

Arrupe Library. PO Box MP320 Mt Pleasant, Harare, Zimbabwe
263 242 745411|librarian@aju.ac.zw